000 00631nam a2200229Ia 4500
003 OSt
005 20220923214927.0
006 a|||||r|||| 00| 0
007 ta
008 220922b |||||||| |||| 00| 0 hin d
024 _a173,811
037 _cTextual
040 _aARTS
_cARTS
_bhin
041 _2hin
_ahin
082 _aO152:6M96x, J8
100 _aशर्मा, दीवानचन्द
245 0 _aविचार तरंग
246 _aVichār taranga
260 _c1958
942 _hO152:6M96x, J8
_cTEXL
_2CC
999 _c327675
_d327675